Loading...
| Literature - World | 2 | 4 | 2 | 0 | 60 | 42 | 79.67 | 1 | 3 | 30.54 | 45.83 |
| Literature - British | 1 | 5 | 1 | 2 | 60 | 69 | 98.67 | 1 | 3 | 19.91 | 44.44 |
| Literature - American | 1 | 3 | 1 | 0 | 40 | 39 | 80.00 | 0 | 4 | 19.28 | 37.50 |
| Literature - European | 1 | 2 | 2 | 0 | 25 | 56 | 79.00 | 2 | 2 | 15.06 | 27.78 |
| Science - Chemistry | 0 | 3 | 1 | 1 | 25 | 70 | 91.00 | 0 | 0 | 5.74 | 15.28 |
| History - Ancient/Other | 1 | 0 | 0 | 0 | 15 | 43 | 43.00 | 1 | 1 | 8.99 | 14.29 |
| Social Science | 0 | 1 | 0 | 0 | 10 | 68 | 68.00 | 0 | 1 | 4.30 | 8.33 |
| Fine Arts - Other | 0 | 1 | 0 | 0 | 10 | 110 | 110.00 | 0 | 0 | 1.56 | 2.78 |
| Fine Arts - Painting and Sculpture | 1 | 0 | 1 | 0 | 10 | 58 | 58.00 | 0 | 1 | 6.47 | 8.33 |
| Mythology | 0 | 1 | 0 | 0 | 10 | 91 | 91.00 | 0 | 0 | 3.51 | 5.56 |
| Science - Biology | 0 | 1 | 2 | 0 | 0 | 91 | 91.00 | 0 | 0 | 1.75 | 1.39 |
| Religion | 0 | 0 | 1 | 0 | -5 | 0.00 | 0 | 0 | 0.00 | 0.00 | |
| Philosophy | 0 | 0 | 1 | 0 | -5 | 0.00 | 0 | 0 | 0.00 | 0.00 | |
| Fine Arts - Classical Music | 0 | 0 | 1 | 0 | -5 | 0.00 | 0 | 0 | 0.00 | 0.00 |